Szczegóły MARC21

Celan studies / Peter Szondi ; translated by Susan Bernofsky with Harvey Mendelsohn ; edited by Jean Bollack with Henriette Beese, Wolfgang Fietkau, Hans-Hagen Hildebrandt, Gert Mattenklott, Senta Metz and Helen Stierlin.

003 -Nazwa inst., której nr kontr. jest w polu 001 [,]
    • @
    • Nazwa instytucji, której n kontrolny jest w polu 001
    • NUKAT
005 -DATA I CZAS OSTATNIEJ MODYFIKACJI [,]
    • @
    • pole kontrolne
    • 20260409101730.0
020 -Międzynarod. znormalizowany nr książki - ISBN [ , ]
    • a
    • Numer ISBN
    • 0804744025 Find
    • q
    • Dopowiedzenie
    • pbk. : alk. paper
020 -Międzynarod. znormalizowany nr książki - ISBN [ , ]
    • a
    • Numer ISBN
    • 0804744017 Find
    • q
    • Dopowiedzenie
    • alk. paper
040 -Instytucja sporządzająca opis [ , ]
    • a
    • Instytucja, która sporządziła opis (NP)
    • KR U/66DB
    • b
    • Język katalogowania
    • pol
    • e
    • Zasady katalogowania
    • rda
    • c
    • Instytucja, która sporządziła rekord (NP)
    • KR U/66DB
    • d
    • Instytucja, która zmodyfikowała rekord (P)
    • KR U/66EO
    • d
    • Instytucja, która zmodyfikowała rekord (P)
    • SZCZ U/JSs
041 -Język dokumentu [1, ]
    • a
    • Język tekstu (P)
    • angielski
    • h
    • Język tekstu oryginalnego i/lub pośredniego (P)
    • niemiecki
942 -Rodzaj dokumentu [ , ]
    • c
    • Rodzaj dokumentu
    • Książka
100 -Hasło główne - nazwa osobowa [1, ]
    • a
    • Nazwa osobowa (NP)
    • Szondi, Peter
    • d
    • Daty biograficzne (NP)
    • (1929-1971).
    • e
    • Rodzaj współpracy
    • Autor
    • 9
    • KHW
    • 70538
240 -Tytuł ujednolicony [1,0]
    • a
    • Tytuł ujednolicony
    • Celan-Studien
    • l
    • Język tekstu
    • (ang.)
    • 9
    • KHW
    • 632793
245 -Strefa tytułu i oznaczenia odpowiedzialności [1,0]
    • a
    • Tytuł
    • Celan studies / Peter Szondi ; translated by Susan Bernofsky with Harvey Mendelsohn ; edited by Jean Bollack with Henriette Beese, Wolfgang Fietkau, Hans-Hagen Hildebrandt, Gert Mattenklott, Senta Metz and Helen Stierlin. Find
260 -Strefa adresu wydawniczego [ , ]
    • a
    • Miejsce wydania (P)
    • Stanford, California :
    • b
    • Nazwa wydawcy (P)
    • Stanford University Press,
    • c
    • Data wydania (P)
    • 2003.
300 -Strefa opisu fizycznego [ , ]
    • a
    • Określenie formy książki i/lub objętość (NP)
    • XV, [3], 127 stron ;
    • c
    • Format (NP)
    • 21 cm.
336 -Typ zawartości [ , ]
    • a
    • Termin opisujący typ zawartości
    • Tekst
    • b
    • Kod określający zawartość
    • txt
    • 2
    • Źródło (terminu i kodu)
    • rdacontent
337 -Typ mediów [ , ]
    • a
    • Tryb odtwarzania
    • Bez urządzenia pośredniczącego
    • b
    • Kod typu mediów
    • n
    • 2
    • Źródło (terminu i kodu)
    • rdamedia
338 -Typ/rodzaj nośnika [ , ]
    • a
    • Hasło opisujące typ nośnika
    • Wolumin
    • b
    • Kod typu nośnika
    • nc
    • 2
    • Źródło (terminu i kodu)
    • rdacarrier
490 -Strefa serii i książki wielotomowej - forma nie do wyszukiwania [1, ]
    • a
    • Tytuł (P)
    • Meridian : crossing aesthetics Find
830 -Hasło dodatkowe serii i opisu książki wielotomowej - tytuł ujednolicony/tytuł [ ,0]
    • a
    • Tytuł ujednolicony/tytuł (NP)
    • Meridian (Stanford, USA)
    • x
    • ISSN
    • 1543-7442
    • 9
    • KHW
    • 632792
080 -Uniwersalna Klasyfikacja Dziesiętna [ , ]
    • a
    • Symbol klasyfikacji
    • 830(436)(091)"19"Celan P.=30
600 -Hasło przedmiotowe w formie nazwy osobowej [1,7]
    • a
    • Nazwa osobowa
    • Celan, Paul
    • d
    • Daty związane z nazwą
    • (1920-1970)
    • x
    • Określnik rzeczowy
    • krytyka i interpretacja.
    • 2
    • Źródło terminu
    • kaba
    • 9
    • KHW
    • 385459
980 -Symbol UKD [ , ]
    • a
    • UKD
    • 830(436)(091)"19"Celan P.=30
700 -Hasło dodatkowe - nazwa osobowa [1, ]
    • a
    • Nazwa osobowa (NP)
    • Bernofsky, Susan Find
    • d
    • Daty biograficzne (NP)
    • (1966- ).
    • e
    • Określenie rodzaju współpracy
    • Tłumaczenie
    • 9
    • KHW
    • 632789
700 -Hasło dodatkowe - nazwa osobowa [1, ]
    • a
    • Nazwa osobowa (NP)
    • Bollack, Jean Find
    • d
    • Daty biograficzne (NP)
    • (1923-2012).
    • e
    • Określenie rodzaju współpracy
    • Redakcja
    • 9
    • KHW
    • 490794
700 -Hasło dodatkowe - nazwa osobowa [1, ]
    • a
    • Nazwa osobowa (NP)
    • Beese, Henriette Find
    • d
    • Daty biograficzne (NP)
    • (1944-1998).
    • e
    • Określenie rodzaju współpracy
    • Redakcja
    • 9
    • KHW
    • 557895
700 -Hasło dodatkowe - nazwa osobowa [1, ]
    • a
    • Nazwa osobowa (NP)
    • Fietkau, Wolfgang. Find
    • e
    • Określenie rodzaju współpracy
    • Redakcja
    • 9
    • KHW
    • 570794
700 -Hasło dodatkowe - nazwa osobowa [1, ]
    • a
    • Nazwa osobowa (NP)
    • Hildebrandt, Hans-Hagen. Find
    • e
    • Określenie rodzaju współpracy
    • Redakcja
    • 9
    • KHW
    • 557907
700 -Hasło dodatkowe - nazwa osobowa [1, ]
    • a
    • Nazwa osobowa (NP)
    • Mattenklott, Gert Find
    • d
    • Daty biograficzne (NP)
    • (1942-2009).
    • e
    • Określenie rodzaju współpracy
    • Redakcja
    • 9
    • KHW
    • 632788
700 -Hasło dodatkowe - nazwa osobowa [1, ]
    • a
    • Nazwa osobowa (NP)
    • Metz, Senta. Find
    • e
    • Określenie rodzaju współpracy
    • Redakcja
    • 9
    • KHW
    • 557906
700 -Hasło dodatkowe - nazwa osobowa [1, ]
    • a
    • Nazwa osobowa (NP)
    • Stierlin, Helen. Find
    • e
    • Określenie rodzaju współpracy
    • Redakcja
    • 9
    • KHW
    • 490797
700 -Hasło dodatkowe - nazwa osobowa [1, ]
    • a
    • Nazwa osobowa (NP)
    • Mendelsohn, Harvey. Find
    • e
    • Określenie rodzaju współpracy
    • Tłumaczenie
    • 9
    • KHW
    • 632790
710 -Hasło dodatkowe - nazwa ciała zbiorowego [2, ]
    • a
    • Nazwa ciała zbiorowego lub nazwa geograficzna jako pierwszy element (NP)
    • Stanford University Press.
    • e
    • Rodzaj współpracy
    • Wydawca
    • 4
    • Kod relacji
    • pbl
    • 9
    • KHW
    • 70366
920 -ISBN [ , ]
    • a
    • ISBN
    • 0-8047-4402-5 Find
    • q
    • Dopowiedzenie
    • pbk. : alk. paper
920 -ISBN [ , ]
    • a
    • ISBN
    • 0-8047-4401-7 Find
    • q
    • Dopowiedzenie
    • alk. paper
Sygnatura Status udost. Lokalizacja Data inwentaryzacji Numer inwentarzowy
Germ. Literaturozn. – Celan 08-3BM2006-05-17G.18404